000 00684nab a2200193 4500
001 244442
003 OSt
005 20250617120111.0
007 tu
008 200917s2020|||||||
040 _aDE-2950
_cDE-2950
245 0 0 _aOrchester vor Umzug in die Messehalle
_bMusiker. Die Sanierung der Konzerthalle soll eigentlich bald starten, das Staatsorchester dann für zwei Jahre in den Messehallen auftreten. Doch ein Detail fehlt noch/
_cThomas Gutke
264 _c2024
653 _aFrankfurt (Oder)
653 _aStaatsorchester
653 _aSanierung Konzerthalle
773 0 _g36. Jahrgang (2025) Nr. 131 vom 07.06.2025, S. 15 mit Foto
_tMärkische Oderzeitung
942 _2z
_cA
999 _c373817
_d373817